Field athletics

Bibliographic Details
Main Author: Johnson, Carl
Format: Book
Published: Sussex : E.P. Publishing , 1978
Subjects:

MARC

LEADER 00000cam a2200000 7i4500
001 0000000483
005 20050422.0
040 |a INS 
090 0 0 |a GV1060.5.   |b L412 1978 
100 1 |a Johnson, Carl 
245 1 0 |a Field athletics   |c Carl Johnson 
260 |a Sussex :   |b E.P. Publishing ,   |c 1978 
300 |a 113p. :   |b ill. ;   |c 20 cm. 
650 0 0 |a Athletics   |x Study and teaching 
999 |a 0000000267   |b BOOK   |c Open Shelf   |e Default branch 
999 |a 0000000269   |b BOOK   |c Open Shelf   |e Default branch